000
00310nam a22001337a 4500
008
170215b xxu||||| |||| 00| 0 eng d
020
_a
9780071464031
041
_a
eng
080
_2
4TH
_a
61
100
_a
4
101
_a
SHM
245
_a
CLINICAL VIGNETTES FOR THE USMLE STEP 2 CK
_c
HILL, M
942
_2
udc
_c
BK
999
_c
5534
_d
5534